Ensuring quality basic education in India: status, gaps and lessons (Record no. 495208)

000 -LEADER
fixed length control field 00445cam a22001337a 4500
008 - FIXED-LENGTH DATA ELEMENTS--GENERAL INFORMATION
fixed length control field 180718b2009 xxu||||| |||| 00| 0 eng d
082 ## - DEWEY DECIMAL CLASSIFICATION NUMBER
Classification number APPPA 2008-09/SHA
100 ## - MAIN ENTRY--PERSONAL NAME
Personal name Sharma, Richa
245 ## - TITLE STATEMENT
Title Ensuring quality basic education in India: status, gaps and lessons
Statement of responsibility, etc. by Richa Sharma
260 ## - PUBLICATION, DISTRIBUTION, ETC.
Place of publication, distribution, etc. New Delhi
Name of publisher, distributor, etc. Indian Institute of Public Administration
Date of publication, distribution, etc. 2009
300 ## - PHYSICAL DESCRIPTION
Extent 79p
650 ## - SUBJECT ADDED ENTRY--TOPICAL TERM
Topical term or geographic name entry element Primary education - India
650 ## - SUBJECT ADDED ENTRY--TOPICAL TERM
Topical term or geographic name entry element Education - India
Holdings
Withdrawn status Lost status Damaged status Not for loan Permanent Location Current Location Date acquired Total Checkouts Full call number Barcode Date last seen Date last checked out Price effective from Koha item type
        Indian Institute of Public Administration Indian Institute of Public Administration 2018-08-04 2 APPPA 2008-09/SHA GR18320 2020-09-04 2020-07-31 2018-08-04 GR

Powered by Koha